Zameen Ki Aankh Se / (Record no. 523746)

000 -LEADER
fixed length control field 00443nam a22001697a 4500
003 - CONTROL NUMBER IDENTIFIER
control field NUST
038 ## - RECORD CONTENT LICENSOR
Staff Name waseem
082 ## - DEWEY DECIMAL CLASSIFICATION NUMBER
Classification number 891.4304
Author Mark JAV
100 ## - MAIN ENTRY--PERSONAL NAME
Personal name Javed, Tariq
9 (RLIN) 14522
245 ## - TITLE STATEMENT
Title Zameen Ki Aankh Se /
Statement of responsibility, etc. Tariq Javed
260 ## - PUBLICATION, DISTRIBUTION, ETC.
Place of publication, distribution, etc. Gujarawala :
Name of publisher, distributor, etc. Haidri Press,
Date of publication, distribution, etc. 1998.
300 ## - PHYSICAL DESCRIPTION
Extent 398 p . ;
500 ## - GENERAL NOTE
General note Paperback.
880 ## - ALTERNATE GRAPHIC REPRESENTATION
Linkage 100-02\r
Title طارق جاوید
880 ## - ALTERNATE GRAPHIC REPRESENTATION
Linkage 245-02\r
Title زمین کی آنکھ سے /
942 ## - ADDED ENTRY ELEMENTS (KOHA)
Source of classification or shelving scheme
Koha item type Book
Holdings
Withdrawn status Lost status Source of classification or shelving scheme Damaged status Not for loan Permanent Location Current Location Date acquired Total Checkouts Full call number Barcode Date last seen Price effective from Koha item type
          Central Library (CL) Central Library (CL) 05/23/2019   891.4304 JAV CL-E-2182 01/31/2023 05/23/2019 Book
© 2023 Central Library, National University of Sciences and Technology. All Rights Reserved.